| 000 | 00564nam a2200145 a 4500 | ||
|---|---|---|---|
| 008 | 120416s1977 ||||||||||||||||| || u | ||
| 050 | _aHG 221 Mak | ||
| 100 | _aMakinen, Gail E | ||
| 245 | 1 | 0 | _aMoney, the Price level, and interest rates |
| 246 | _aan introduction to monetary theory | ||
| 260 |
_aEnglewwod Cliffs, [N.J.] _bFT Prentice-Hall _c1977 |
||
| 300 | _axv, 446p. | ||
| 350 | _a0.00 | ||
| 995 |
_D0.00 _FCBU-MAIN LIBRARY (Kitwe) _H1 _I0.00 _M1 _UAVAILABLE _WAug 15, 2006 _ZMain Library Open Access Collection |
||
| 999 |
_c51620 _d51620 |
||